000 00725nam a2200217Ii 4500
003 JO-AjNU
008 230605s9999||||xx |||||||||||||| ||und||
017 _a2007/1/104
040 _aJO-AjNU
_bara
_erda
_cJO-AjNU
041 _aara
050 1 4 _aQA76.73 2007
100 3 _aالداود ، عصام / م مشارك عبدالله بساطة ,
_eauthor
_931154
245 0 0 _aC# البرمجة كائنية المنحنى والبرمجة المرئية
250 _aط1
264 3 1 _aاربد:عالم الكتب الحديث ،2007
300 _a386ص
336 _atext
_btxt
_2rdacontent
337 _aunmediated
_bn
_2rdamedia
338 _avolume
_bnc
_2rdacarrier
650 4 _aبرمجة الحاسبات
_931155
999 _aA12430
_c15998
_d15998